00420nam a2200181Ia 4500003000400000005001700004008004100021020001400062040000700076041000800083082001300091100002100104245003600125250000600161260004400167300001400211365001300225OSt20230505094444.0210423s2003 xx 000 0 und d a974480199 cAL aeng a574 ROBM aROBERTS (M B V). aBiology: a functional approach. a4 aNew DelhibThomas Nelson and Sonsc2003 ax,693bPB b850cINR